Teatro mínimo (Record no. 91815)
[ view plain ]
| 000 -LEADER | |
|---|---|
| campo de control de longitud fija | 00620nam a2200217 i 4500 |
| 001 - NÚMERO DE CONTROL | |
| campo de control | 91815 |
| 003 - IDENTIFICADOR DE NÚMERO DE CONTROL | |
| campo de control | ES-MaACL |
| 005 - FECHA Y HORA DE LA ÚLTIMA TRANSACCIÓN | |
| campo de control | 20230906180826.0 |
| 007 - CAMPO FIJO DE DESCRIPCIÓN FÍSICA--INFORMACIÓN GENERAL | |
| campo de control de longitud fija | t| |
| 008 - DATOS DE LONGITUD FIJA--INFORMACIÓN GENERAL | |
| campo de control de longitud fija | 050217s2003 sp ||||1| spa d |
| 020 ## - NÚMERO INTERNACIONAL ESTÁNDAR DEL LIBRO | |
| Número Internacional Estándar del Libro | 84-95763-46-X |
| 080 ## - NÚMERO DE LA CLASIFICACIÓN DECIMAL UNIVERSAL | |
| Número de la Clasificación Decimal Universal | 821.134.2-23"19" |
| 100 1# - ENTRADA PRINCIPAL--NOMBRE DE PERSONA | |
| Nombre de persona | Moreno Arenas, José. |
| 9 (RLIN) | 83327 |
| 245 10 - MENCIÓN DEL TÍTULO | |
| Título | Teatro mínimo |
| Resto del título | : (pulgas dramáticas) / |
| Mención de responsabilidad, etc. | José Moreno Arenas. |
| 260 ## - PUBLICACIÓN, DISTRIBUCIÓN, ETC. | |
| Lugar de publicación, distribución, etc. | La Zubia (Granada) : |
| Nombre del editor, distribuidor, etc. | Dauro, |
| Fecha de publicación, distribución, etc. | [2003] |
| 300 ## - DESCRIPCIÓN FÍSICA | |
| Extensión | 82 p. ; |
| Dimensiones | 21 cm. |
| 490 1# - MENCIÓN DE SERIE | |
| Mención de serie | El público ; |
| Designación de volumen o secuencia | 3 |
| 830 0# - PUNTO DE ACCESO ADICIONAL DE SERIE-TÍTULO UNIFORME | |
| Título uniforme | El público ; |
| Designación de volumen o secuencia | 3 |
| 9 (RLIN) | 232001 |
| 852 ## - LOCALIZACIÓN | |
| Ubicación | ES-MaACL |
| Número de control de estantería | L-28871 |
| Sublocalización o colección | R.135283 |
| Estatus retirado | Estado de pérdida | Estado de daño | No para préstamo | Biblioteca de origen | Biblioteca actual | Ubicación en estantería | Fecha de adquisición | Fuente de adquisición | Total de préstamos | Signatura topográfica completa | Código de barras | Visto por última vez | Precio de reemplazo | Tipo de ítem Koha |
|---|---|---|---|---|---|---|---|---|---|---|---|---|---|---|
| Biblioteca del Ateneo de Madrid | Biblioteca del Ateneo de Madrid | Depósito 2 | 17/01/2008 | L-28871 | 1095862 | 23/02/2023 | 23/02/2023 | Libro impreso |
